000 00326nam a2200121Ia 4500
008 220217s9999||||xx |||||||||||||| ||und||
082 _a510 RAM
100 _aRamamurthy, K Qureshi, Arshed
245 0 _aEngineering mathematics
260 _aSudha publications
_bBangalore
_c2000
300 _b150
650 _aMATHEMATICS
999 _c166086
_d166086